000 00692nam a22002177a 4500
005 20150416154013.0
008 140714b xxu||||| |||| 00| 0 Urdu d
010 _aUR-8832
020 q _c120.00
035 _aU-7387
037 _bDBAD/Pub.
040 _aDPL
_bUrdu
082 _a954
100 _aا سر ا ر ا لحسن
245 _aآ ر اہ کے د و ما ہ 1857ء مين
_bا سر ا ر ا لحسن
246 _aAara ke do mah 1857 mein
_bBy Israr ul Hassan
260 _aPatna
_bKhuda Bakhsh Oriental Public library
_c2011
270 _aKhuda Bakhsh Oriental Public library
_bPatna
_e4
300 _a77ص
_b22C.m.(PB)
942 _2ddc
_cUR
_h954
_mا س ر
999 _c93019
_d93019